Statistiques concernant Pays par deux dernières lettres en 90 secondes

Cliquez ici pour prendre le quiz!

Statistiques générales

  • Ce quiz a été pris 5,251 fois
  • Le résultat moyen est 124 sur 196

Statistiques - réponses

Pays % Correct
Birmanie
95%
République dominicaine
94%
République
Centrafricaine
94%
Slovaquie
94%
Chine
94%
Colombie
94%
Tanzanie
94%
Russie
94%
Croatie
94%
Syrie
94%
République tchèque
94%
Jordanie
94%
Italie
94%
Somalie
94%
Tunisie
94%
Espagne
94%
Indonésie
94%
Estonie
94%
Éthiopie
94%
Micronésie
94%
Namibie
94%
Hongrie
94%
Gambie
94%
Géorgie
94%
Allemagne
94%
Serbie
94%
Sierra Leone
94%
Sainte-Lucie
94%
Roumanie
94%
Lettonie
94%
Papouasie-Nouvelle-
Guinée
94%
Algérie
94%
Zambie
94%
Mongolie
94%
Argentine
94%
Arménie
94%
Australie
94%
Moldavie
94%
Mauritanie
94%
Turquie
94%
Biélorussie
94%
Malaisie
94%
Macédoine du Nord
94%
Slovénie
94%
Albanie
94%
Lituanie
94%
Bolivie
94%
Bosnie-Herzégovine
94%
Ukraine
94%
Pologne
94%
Bulgarie
94%
France
92%
Grèce
92%
Île Maurice
92%
Canada
91%
Grenade
91%
République du Congo
91%
Antigua-et-Barbuda
91%
Thaïlande
91%
Suède
91%
Finlande
91%
Ouganda
91%
Nouvelle-Zélande
91%
République démocratique
du Congo
91%
Islande
91%
Inde
91%
Irlande
91%
Rwanda
91%
Barbade
91%
Mexique
89%
Jamaïque
89%
Mozambique
89%
Belgique
89%
Soudan du Sud
89%
Émirats arabes unis
89%
Dominique
89%
Etats-Unis
88%
Brésil
88%
Afghanistan
84%
Tadjikistan
84%
Azerbaïdjan
84%
Vatican
84%
Ouzbékistan
84%
Oman
84%
Pakistan
84%
Bhoutan
84%
Turkménistan
84%
Kirghizistan
84%
Liban
84%
Taïwan
84%
Soudan
84%
Kazakhstan
84%
Iran
84%
Trinité-et-Tobago
83%
Corée du Sud
79%
Malte
79%
Mali
79%
Arabie Saoudite
79%
Chili
79%
Timor oriental
79%
Égypte
79%
Royaume-Uni
77%
Népal
76%
Portugal
76%
Sénégal
76%
Afrique du Sud
74%
Cambodge
69%
Norvège
69%
Japon
68%
Salomon
68%
Gabon
68%
Maroc
67%
Guatemala
64%
Angola
64%
Venezuela
64%
Pérou
63%
Qatar
63%
Madagascar
63%
Eswatini
60%
Libye
59%
Danemark
58%
Ghana
52%
Guyana
52%
Botswana
52%
Corée du Nord
49%
Paraguay
48%
Uruguay
48%
Saint-Christophe-
et-Niévès
48%
Yémen
46%
Viêt Nam
43%
Bahamas
42%
Irak
42%
Honduras
42%
Pays-Bas
42%
Tchad
41%
Niger
40%
Singapour
40%
Liberia
40%
Équateur
40%
Nigeria
40%
Andorre
38%
Chypre
38%
Côte d'Ivoire
38%
Guinée équatoriale
36%
Suisse
36%
Maldives
35%
Philippines
35%
Saint-Vincent-et-les-
Grenadines
35%
Comores
35%
Seychelles
35%
Togo
34%
Panama
33%
Sao Tomé-et-Principe
31%
Guinée-Bissau
30%
Costa Rica
29%
Cuba
29%
Suriname
28%
Palaos
28%
Laos
28%
Érythrée
25%
Guinée
25%
Autriche
25%
Nicaragua
22%
Kenya
22%
Bénin
21%
Liechtenstein
21%
Saint-Marin
21%
Sri Lanka
21%
Bahreïn
21%
Djibouti
20%
Haïti
20%
Kiribati
20%
Cameroun
17%
Bangladesh
15%
Lesotho
15%
Belize
14%
Zimbabwe
14%
Salvador
14%
Nauru
12%
Burkina Faso
12%
Vanuatu
8%
Koweït
8%
Monaco
7%
Tuvalu
7%
Malawi
7%
Monténégro
7%
Tonga
7%
Israël
7%
Samoa
6%
Kosovo
6%
Fidji
6%
Luxembourg
5%
Burundi
5%
Cap-Vert
5%
Brunei
3%
Îles Marshall
3%

Distribution des résultats

Percentile par nombre de réponses

% des personnes avec chaque résultat

Votre développement - résultats

Vous n’avez pas pris ce quiz